000 00340nam a22001457a 4500
008 240530b |||||||| |||| 00| 0 eng d
020 _a9788131267431
_c1885
040 _a03
082 _a615.73 LIN
100 _aLINDA, SKIDMARE
245 _aNURSING DRUG REFERENCE 2024
260 _aHARYANA
_bELSEVIER
300 _a1500
942 _c01
999 _c58799
_d58799